| 000 | 00584nam a2200193 a 4500 | ||
|---|---|---|---|
| 001 | 000042304 | ||
| 005 | 20201002040051.0 | ||
| 008 | 131122s1973 sp 000 0 spa d | ||
| 020 | _a8401809290 | ||
| 040 |
_aDO-SdBNP _bspa _cBNPHU |
||
| 082 |
_axxx _bM973a |
||
| 100 | 1 |
_aMurciano, Carlos _969360 |
|
| 245 | 1 | 0 |
_aAntología : _b(1950-1972) / _cCarlos Murciano. |
| 260 |
_aBarcelona : _bPlaza & Janés, _c1973. |
||
| 300 |
_a338 p. ; _c19 cm. |
||
| 490 | 1 | _aSelecciones de poesía española | |
| 504 | _aBibliografía: p. 319-321 | ||
| 830 | 0 |
_aSelecciones de poesía española _969282 |
|
| 999 |
_c41793 _d41793 |
||